000
00306nam a22001337a 4500
008
210226b ||||| |||| 00| 0 eng d
020
_a
9781319044770
041
_a
eng
080
_2
9th
_a
541
100
_a
12
101
_a
KIM
245
_a
Quantitative Chemical Analysis
_c
Harris, C.D
942
_2
udc
_c
BK
999
_c
55293
_d
55293